[Event "Online Olym Div2 B 2021"]
[Site "chess.com INT"]
[Date "2021.09.02"]
[Round "1.4"]
[Board "3"]
[White "Chong, Kimberly"]
[Black "Azhar, Puteri Munajjah Az-Zahraa"]
[Result "0-1"]
[BlackTitle "WIM"]
[WhiteElo "1790"]
[BlackElo "2052"]
[WhiteTeam "Wales"]
[BlackTeam "Malaysia"]
[WhiteFideId "1804723"]
[BlackFideId "5709040"]
[EventDate "2021.09.02"]
[EventType "team"]

1. e4 c5 2. c3 d6 3. d4 cxd4 4. cxd4 g6 5. Nf3 Bg7 6. Nc3 Nf6 7. Bd3 O-O 8. h3
Nc6 9. Be3 a6 10. O-O b5 11. a3 Bb7 12. Qb3 Na5 13. Qb4 Nc6 14. Qb3 Rc8 15. Rac1
Na5 16. Qa2 Nc4 17. Bxc4 Rxc4 18. b3 Rc8 19. d5 Nd7 20. Ne2 Nc5 21. Bxc5 Rxc5
22. b4 Rxc1 23. Rxc1 Qb6 24. Qd2 f5 25. Ng5 fxe4 26. Nxe4 Rf5 27. N2c3 Bxc3 28.
Nxc3 a5 29. Qe3 Qd8 30. Qe6+ Kg7 31. Re1 Rf7 32. Nxb5 axb4 33. axb4 Qb6 34. Qe2
Bxd5 35. Nc3 Bb7 36. Qb2 e5 37. b5 Rc7 38. Na4 Qa5 39. Ra1 Rc4 40. Qb3 Qb4 41.
Qxb4 Rxb4 42. b6 Bc6 43. Nc3 Rxb6 44. Rd1 Bb7 45. f3 Kf6 46. Ne4+ Bxe4 47. fxe4
Ke6 48. Kh2 Rb4 49. Re1 d5 50. exd5+ Kxd5 51. Kg3 Ke6 52. Ra1 Kf5 53. Rf1+ Rf4
54. Ra1 Rb4 55. Rf1+ Ke6 56. Rf8 h5 57. Rg8 Kf6 58. Rf8+ Kg5 59. Re8 h4+ 60. Kf2
Kf4 61. Rf8+ Ke4 62. Rg8 Rb2+ 63. Kf1 Kd3 64. Rxg6 e4 65. Rd6+ Ke3 66. Rd1 Rf2+
67. Kg1 Rf6 68. Re1+ Kd3 69. Rd1+ Ke2 70. Ra1 Rd6 71. Ra4 Ke3 72. Ra3+ Rd3 73.
Ra1 Ke2 74. Ra2+ Rd2 75. Ra4 e3 76. Rxh4 Rd1+ 77. Kh2 Kd3 78. Rh8 e2 79. Rd8+
Kc2 80. Rc8+ Kb3 81. Rb8+ Kc4 82. Rc8+ Kb5 83. Re8 e1=Q 84. Rxe1 Rxe1 85. Kg3
Kc6 86. Kf4 Rf1+ 87. Kg5 Kd6 88. g4 Ke7 89. h4 Kf7 90. h5 Kg7 91. Kh4 Kh7 92. g5
Rf4+ 93. Kg3 Ra4 94. Kf3 Rh4 95. h6 Kg6 96. Kg3 Kxg5 0-1

[Event "Online Olym Div2 B 2021"]
[Site "chess.com INT"]
[Date "2021.09.02"]
[Round "1.4"]
[Board "4"]
[White "Azhar, Puteri Rifqah Fahada"]
[Black "Wilson, Julie"]
[Result "1/2-1/2"]
[WhiteTitle "WFM"]
[WhiteElo "1939"]
[BlackElo "1826"]
[WhiteTeam "Malaysia"]
[BlackTeam "Wales"]
[WhiteFideId "5702879"]
[BlackFideId "1800876"]
[EventDate "2021.09.02"]
[EventType "team"]

1. d4 e6 2. Nf3 f5 3. c4 b6 4. Nc3 Bb7 5. e3 Bb4 6. Bd3 Nf6 7. O-O Bxc3 8. bxc3
O-O 9. Ba3 d6 10. Rb1 Nbd7 11. Nd2 Rb8 12. Qb3 Qe8 13. Qc2 Qg6 14. f3 c5 15.
Rbe1 Rbe8 16. e4 fxe4 17. Nxe4 Nxe4 18. Bxe4 Bxe4 19. Qxe4 Qf6 20. Re2 Rf7 21.
Rd1 Rfe7 22. Bc1 Kh8 23. Qf4 e5 24. Qxf6 Nxf6 25. Rde1 Nd7 26. Bf4 Kg8 27. Bg3
Kf7 28. d5 Nf6 29. Bh4 h6 30. Bxf6 Kxf6 31. Kf2 g5 32. Re4 Kf5 33. a4 1/2-1/2

[Event "Online Olym Div2 B 2021"]
[Site "chess.com INT"]
[Date "2021.09.02"]
[Round "1.4"]
[Board "5"]
[White "Fowler, Hugo"]
[Black "Chan, Kim Yew"]
[Result "0-1"]
[BlackTitle "FM"]
[WhiteElo "1840"]
[BlackElo "2303"]
[WhiteTeam "Wales"]
[BlackTeam "Malaysia"]
[WhiteFideId "433411"]
[BlackFideId "5717981"]
[EventDate "2021.09.02"]
[EventType "team"]

1. e4 c5 2. c3 Nf6 3. e5 Nd5 4. d4 cxd4 5. cxd4 d6 6. Nf3 Nc6 7. Bc4 e6 8. O-O
Be7 9. Qe2 O-O 10. Rd1 Na5 11. b3 Bd7 12. Bxd5 exd5 13. Nc3 Be6 14. Ba3 Nc6 15.
exd6 Bxd6 16. Bxd6 Qxd6 17. Ne5 Rac8 18. Rac1 Rfe8 19. Nxc6 Rxc6 20. Qe5 Qa3 21.
Rc2 Qa5 22. Rdc1 Rec8 23. Qe3 Bf5 24. Re2 g6 25. Qe5 Rxc3 26. Rxc3 Qxc3 27. h3
Qc1+ 28. Re1 Qc6 29. g4 Be4 30. g5 Qe6 31. Qg3 Qf5 32. h4 Qf3 33. Qh2 Qg4+ 34.
Kf1 Bd3+ 35. Re2 Rc1# 0-1

[Event "Online Olym Div2 B 2021"]
[Site "chess.com INT"]
[Date "2021.09.02"]
[Round "1.4"]
[Board "6"]
[White "Chua, Jia-Tien"]
[Black "Ray, Hiya"]
[Result "1/2-1/2"]
[WhiteTitle "WCM"]
[WhiteElo "1822"]
[BlackElo "1586"]
[WhiteTeam "Malaysia"]
[BlackTeam "Wales"]
[WhiteFideId "5710006"]
[BlackFideId "1803980"]
[EventDate "2021.09.02"]
[EventType "team"]

1. e4 c5 2. Nc3 Nc6 3. Nge2 g6 4. g3 Bg7 5. Bg2 e6 6. d3 Nge7 7. Be3 b6 8. O-O
O-O 9. d4 cxd4 10. Nxd4 Bb7 11. Qd2 Ne5 12. b3 Ng4 13. Rac1 d5 14. exd5 Nxd5 15.
Bg5 Qd7 16. Nxd5 Bxd5 17. Ne2 Qb7 18. Bxd5 exd5 19. f3 Ne5 20. Rcd1 f6 21. Bf4
Rfd8 22. Nd4 Qf7 23. Kg2 Rac8 24. Rf2 Rd7 25. Re2 Re7 26. Nb5 Rd7 27. Nd4 Re7
28. h3 Qe8 29. Rde1 Qd7 30. Be3 Rce8 31. Bf2 Kh8 32. f4 Nc6 33. Nxc6 Rxe2 34.
Rxe2 Rxe2 35. Qxe2 Qxc6 36. Bd4 f5 37. Bxg7+ Kxg7 38. Qe7+ Kg8 1/2-1/2

[Event "Online Olym Div2 B 2021"]
[Site "chess.com INT"]
[Date "2021.09.02"]
[Round "1.5"]
[Board "1"]
[White "Madaminov, Mukhiddin"]
[Black "Ragger, Markus"]
[Result "1-0"]
[WhiteTitle "FM"]
[BlackTitle "GM"]
[WhiteElo "2260"]
[BlackElo "2665"]
[WhiteTeam "Uzbekistan"]
[BlackTeam "Austria"]
[WhiteFideId "14210703"]
[BlackFideId "1610856"]
[EventDate "2021.09.02"]
[EventType "team"]

1. e4 e5 2. Nf3 Nc6 3. d4 exd4 4. Nxd4 Bc5 5. Nb3 Bb6 6. Nc3 d6 7. Qe2 a5 8. a4
Nb4 9. Nd5 Nxd5 10. exd5+ Qe7 11. Bg5 Qxe2+ 12. Bxe2 h6 13. Bb5+ Bd7 14. Bh4 g5
15. Bg3 Nf6 16. Bxd7+ Kxd7 17. O-O-O Rae8 18. c4 Re2 19. Rd2 Rxd2 20. Nxd2 Re8
21. Kd1 Ne4 22. Re1 Nc5 23. Rxe8 Kxe8 24. b3 f5 25. f3 Ke7 26. Ke2 Kf6 27. Bf2
Nd7 28. Bxb6 cxb6 29. Kd3 Ke5 30. Kc3 Nc5 31. g3 h5 32. h3 Na6 33. Kd3 Nb4+ 34.
Kc3 Na6 35. Kd3 Nc5+ 36. Kc3 Nd7 37. Kd3 Kf6 38. f4 Nc5+ 39. Kd4 h4 40. gxh4
gxf4 41. Kc3 Kg6 42. Nf3 Kh5 43. Kc2 Ne4 44. Kd3 Nf2+ 45. Ke2 Ne4 46. Kd3 Nc5+
47. Kc2 Nd7 48. Kd3 Nf6 49. Ke2 Ne4 50. Nd4 Kxh4 51. Kf3 Kg5 52. h4+ Kf6 53.
Kxf4 Nc5 54. Nxf5 Nxb3 55. Nxd6 Nc5 56. Ne4+ 1-0

[Event "Online Olym Div2 B 2021"]
[Site "chess.com INT"]
[Date "2021.09.02"]
[Round "1.5"]
[Board "2"]
[White "Froewis, Georg"]
[Black "Rakhmatullaev, Almas"]
[Result "0-1"]
[WhiteTitle "IM"]
[WhiteElo "2453"]
[BlackElo "2183"]
[WhiteTeam "Austria"]
[BlackTeam "Uzbekistan"]
[WhiteFideId "1618423"]
[BlackFideId "14205793"]
[EventDate "2021.09.02"]
[EventType "team"]

1. Nf3 Nf6 2. c4 e6 3. b3 b6 4. g3 Bb7 5. Bg2 Be7 6. O-O O-O 7. Bb2 d5 8. e3
Nbd7 9. Qe2 c5 10. d3 a6 11. Nc3 Qc7 12. Rac1 Rfd8 13. Rfd1 Rac8 14. cxd5 exd5
15. e4 Bf8 16. exd5 Re8 17. Qc2 Nxd5 18. Nxd5 Bxd5 19. d4 Be4 20. Qd2 Qb7 21. d5
b5 22. Nh4 Nb6 23. Bxe4 Rxe4 24. Nf5 f6 25. Qd3 Rce8 26. Ne3 c4 27. bxc4 bxc4
28. Qd2 Bc5 29. d6 Rxe3 30. d7 Nxd7 31. Qxd7 Re1+ 0-1

[Event "Online Olym Div2 B 2021"]
[Site "chess.com INT"]
[Date "2021.09.02"]
[Round "1.5"]
[Board "3"]
[White "Salimova, Asal"]
[Black "Polterauer, Chiara"]
[Result "1/2-1/2"]
[BlackTitle "WFM"]
[WhiteElo "1905"]
[BlackElo "2190"]
[WhiteTeam "Uzbekistan"]
[BlackTeam "Austria"]
[WhiteFideId "14204940"]
[BlackFideId "1638165"]
[EventDate "2021.09.02"]
[EventType "team"]

1. d4 d5 2. Bf4 Nf6 3. e3 c5 4. Nf3 Nc6 5. c3 e6 6. Bd3 cxd4 7. exd4 Nh5 8. Be3
g6 9. O-O Bg7 10. Nbd2 O-O 11. Nb3 b6 12. a4 a5 13. Bb5 Ne7 14. Ne5 Ba6 15. Bxa6
Rxa6 16. Qe2 Ra8 17. g4 Nf6 18. f3 Nd7 19. f4 f6 20. Nd3 Qc7 21. Nd2 Rae8 22.
Qg2 Kh8 23. Kh1 Qd6 24. Rf3 Nc6 25. Rh3 e5 26. fxe5 fxe5 27. dxe5 Ndxe5 28. Nxe5
Nxe5 29. Bd4 Qe6 30. g5 Ng4 31. Bxg7+ Kxg7 32. Rf3 Rxf3 33. Nxf3 Rf8 34. Re1 Qf5
35. Nd4 Nf2+ 36. Kg1 Nh3+ 37. Kh1 Nf2+ 38. Kg1 Nh3+ 39. Kh1 Nf2+ 1/2-1/2

[Event "Online Olym Div2 B 2021"]
[Site "chess.com INT"]
[Date "2021.09.02"]
[Round "1.5"]
[Board "4"]
[White "Froewis, Annika"]
[Black "Malikova, Marjona"]
[Result "1-0"]
[WhiteTitle "WFM"]
[WhiteElo "2077"]
[BlackElo "1684"]
[WhiteTeam "Austria"]
[BlackTeam "Uzbekistan"]
[WhiteFideId "1621432"]
[BlackFideId "14212463"]
[EventDate "2021.09.02"]
[EventType "team"]

1. e4 c6 2. Nc3 d5 3. Nf3 dxe4 4. Nxe4 Nf6 5. Qe2 Nxe4 6. Qxe4 Qa5 7. b4 Qf5 8.
Qe3 Qxc2 9. Bd3 Qa4 10. a3 Na6 11. Bb2 Nc7 12. Ng5 Ne6 13. Nxh7 Bd7 14. Nxf8
Kxf8 15. O-O Qb3 16. Rab1 Qd5 17. f4 c5 18. f5 Bc6 19. Rf2 Nc7 20. bxc5 Rd8 21.
Bf1 Rh5 22. Re1 Rd7 23. Qg3 Ne8 24. Re5 Qa2 25. Bc3 f6 26. Re3 Rg5 27. Qh4 Kg8
28. Bc4+ Bd5 29. Bxa2 Bxa2 30. Rfe2 Kf7 31. Rg3 Rxg3 32. Qxg3 Bd5 33. Qb8 Bc4
34. Re1 Nc7 35. Qxb7 Bd5 36. Qc8 Bc6 37. Qh8 Nd5 38. Qh5+ Kf8 39. Rb1 Rd8 40.
Qh8+ 1-0

[Event "Online Olym Div2 B 2021"]
[Site "chess.com INT"]
[Date "2021.09.02"]
[Round "1.5"]
[Board "5"]
[White "Begmuratov, Khumoyun"]
[Black "Morgunov, Marc"]
[Result "1-0"]
[WhiteTitle "CM"]
[BlackTitle "FM"]
[WhiteElo "2148"]
[BlackElo "2386"]
[WhiteTeam "Uzbekistan"]
[BlackTeam "Austria"]
[WhiteFideId "14210207"]
[BlackFideId "1640305"]
[EventDate "2021.09.02"]
[EventType "team"]

1. e4 c5 2. Nf3 d6 3. d4 cxd4 4. Qxd4 Nf6 5. Nc3 a6 6. Be2 Nc6 7. Qe3 e6 8. O-O
Be7 9. b3 O-O 10. Bb2 b5 11. Rfd1 Qc7 12. a3 Bb7 13. Rd2 Rac8 14. h3 Rfd8 15.
Rad1 h6 16. Bf1 b4 17. Na4 bxa3 18. Bxa3 Nxe4 19. Qxe4 d5 20. Qe3 Bxa3 21. c4
Bb4 22. Rc2 dxc4 23. Rxd8+ Rxd8 24. Rxc4 Rd1 25. Nb2 Rd8 26. Nd3 Qe7 27. Nf4 Na5
28. Rc2 Bd6 29. Nh5 g6 30. Qxh6 gxh5 31. Ng5 f6 32. Qg6+ Qg7 33. Qxg7+ Kxg7 34.
Nxe6+ Kg6 35. Nxd8 Be4 36. Rd2 Bf4 37. Rd4 f5 38. Ra4 Nxb3 39. Rxa6+ Kh7 40. Ne6
Bh6 41. f3 Bd5 42. Bd3 Bxe6 43. Rxe6 Nc5 44. Bxf5+ Kg7 45. Rg6+ 1-0

[Event "Online Olym Div2 B 2021"]
[Site "chess.com INT"]
[Date "2021.09.02"]
[Round "1.5"]
[Board "6"]
[White "Katter, Katharina"]
[Black "Khegay, Yuliya"]
[Result "1-0"]
[BlackTitle "WFM"]
[WhiteElo "1939"]
[BlackElo "1848"]
[WhiteTeam "Austria"]
[BlackTeam "Uzbekistan"]
[WhiteFideId "1642626"]
[BlackFideId "14205394"]
[EventDate "2021.09.02"]
[EventType "team"]

1. d4 d5 2. Nf3 Nf6 3. c4 dxc4 4. e3 e6 5. Bxc4 a6 6. O-O Be7 7. Nc3 b5 8. Bb3
Bb7 9. Re1 O-O 10. Bc2 c5 11. e4 cxd4 12. Nxd4 Nc6 13. Be3 Nb4 14. Bb1 Rc8 15.
a3 Nc6 16. Kh1 Qc7 17. Qe2 Rfd8 18. Rd1 Nxd4 19. Bxd4 e5 20. Be3 Rxd1+ 21. Qxd1
Rd8 22. Qc2 Qc6 23. f3 Bc5 24. Qf2 Bxe3 25. Qxe3 a5 26. Ba2 b4 27. axb4 axb4 28.
Nd5 Nxd5 29. Bxd5 Qb5 30. Bxb7 Qxb7 31. h3 Rd4 32. Qc1 h6 33. Qc5 f6 34. Ra7 Qb8
35. Qe7 Qf8 36. Qe6+ Kh7 37. Qf5+ Kh8 38. Rc7 Rd8 39. Qe6 Rb8 40. Rf7 Qe8 41.
Qxe8+ Rxe8 42. Rb7 Rc8 43. Rxb4 Kh7 44. Kh2 Kg6 45. Kg3 Rc6 46. Rb7 Rc2 47. b4
Rb2 48. b5 h5 49. h4 Kh6 50. b6 Kg6 51. Kh3 Kh6 52. g4 Rb3 53. Kg3 g5 54. hxg5+
Kxg5 55. gxh5 Kxh5 56. Rb8 Kg6 57. b7 Kf7 58. Rh8 Rxb7 59. Rh7+ Ke6 60. Rxb7 1-0

[Event "Online Olym Div2 B 2021"]
[Site "chess.com INT"]
[Date "2021.09.02"]
[Round "2.1"]
[Board "1"]
[White "Bogner, Sebastian"]
[Black "Ragger, Markus"]
[Result "1/2-1/2"]
[WhiteTitle "GM"]
[BlackTitle "GM"]
[WhiteElo "2574"]
[BlackElo "2665"]
[WhiteTeam "Switzerland"]
[BlackTeam "Austria"]
[WhiteFideId "4692055"]
[BlackFideId "1610856"]
[EventDate "2021.09.02"]
[EventType "team"]

1. e4 e5 2. Nf3 Nc6 3. Bb5 a6 4. Ba4 Nf6 5. O-O d6 6. Bxc6+ bxc6 7. d4 Be7 8.
Re1 exd4 9. Nxd4 Bd7 10. Qf3 O-O 11. Nc3 Re8 12. h3 Rb8 13. e5 dxe5 14. Nxc6
Bxc6 15. Qxc6 Rb6 16. Qc4 Qd6 17. Ne4 Qc6 18. Nxf6+ Bxf6 19. Qxc6 Rxc6 20. Re2
Rd8 21. Be3 Be7 22. g4 f6 23. Kg2 Kf7 24. f4 Bd6 25. Rd1 Re8 26. f5 h5 27. b3
Rc3 28. Rd3 Rxd3 29. cxd3 hxg4 30. hxg4 Rh8 31. Bf2 g6 32. fxg6+ Kxg6 33. Re4 f5
34. gxf5+ Kxf5 35. Ra4 Ra8 36. Kf3 Ke6 37. Ke4 Rf8 38. Be3 Rh8 39. Rxa6 Rh4+ 40.
Kf3 Rh3+ 41. Ke4 Rh4+ 42. Kf3 Rh3+ 43. Ke4 1/2-1/2

[Event "Online Olym Div2 B 2021"]
[Site "chess.com INT"]
[Date "2021.09.02"]
[Round "2.1"]
[Board "2"]
[White "Froewis, Georg"]
[Black "Gaehwiler, Gabriel"]
[Result "1/2-1/2"]
[WhiteTitle "IM"]
[BlackTitle "IM"]
[WhiteElo "2453"]
[BlackElo "2402"]
[WhiteTeam "Austria"]
[BlackTeam "Switzerland"]
[WhiteFideId "1618423"]
[BlackFideId "1314530"]
[EventDate "2021.09.02"]
[EventType "team"]

1. Nf3 Nf6 2. c4 b6 3. g3 Bb7 4. Bg2 g6 5. b3 Bg7 6. Bb2 O-O 7. O-O c5 8. d4 d5
9. dxc5 dxc4 10. Nbd2 Na6 11. cxb6 cxb3 12. bxa7 bxa2 13. Rxa2 Rxa7 14. Qb1 Bd5
15. Ra3 Rb7 16. Rxa6 Ne8 17. e4 Nc7 18. Ra5 Rxb2 19. Qc1 Bb7 20. e5 Rb5 21. Rxb5
Nxb5 22. Re1 Nc7 23. Ne4 Ne6 24. Nc5 Nxc5 25. Qxc5 Qa8 26. Nh4 e6 27. Qe3 Rd8
28. Bxb7 Qxb7 29. Nf3 Qb5 30. Qe2 Qb3 31. h4 h6 32. Kg2 Qb7 33. Qe4 Rd5 34. Rb1
Qc7 35. Re1 Qc5 36. Re2 Qa7 37. Rc2 Qd7 38. Ra2 Qc6 39. Re2 Rc5 40. Qxc6 Rxc6
41. Nh2 Rc5 42. f4 Rd5 43. Ng4 h5 44. Ne3 Rd3 45. Nf1 Bf8 46. Rd2 Rxd2+ 47. Nxd2
Bb4 48. Ne4 Kg7 49. Kf3 Be1 50. Ke2 Bb4 51. Ke3 Be1 52. Kf3 Kf8 53. Nf6 Kg7 54.
Ne4 Kf8 55. Nc5 Kg7 56. Nd3 Bd2 57. Ke2 Bc3 58. Ke3 Kg8 59. Kf3 Kg7 60. g4 hxg4+
61. Kxg4 Kh6 62. Nf2 Bd4 63. Ne4 Be3 64. Ng5 Kg7 65. Ne4 Kh6 66. Ng5 Kg7 67. Ne4
Kh6 1/2-1/2

[Event "Online Olym Div2 B 2021"]
[Site "chess.com INT"]
[Date "2021.09.02"]
[Round "2.1"]
[Board "3"]
[White "Tamrazyan, Gohar"]
[Black "Polterauer, Chiara"]
[Result "1/2-1/2"]
[BlackTitle "WFM"]
[WhiteElo "1981"]
[BlackElo "2190"]
[WhiteTeam "Switzerland"]
[BlackTeam "Austria"]
[WhiteFideId "1330799"]
[BlackFideId "1638165"]
[EventDate "2021.09.02"]
[EventType "team"]

1. e4 e5 2. Nf3 Nc6 3. d4 exd4 4. Nxd4 Nf6 5. Nxc6 bxc6 6. e5 Nd5 7. c4 Ne7 8.
Bd3 Ng6 9. O-O d6 10. exd6 Bxd6 11. Qe2+ Qe7 12. Be3 O-O 13. Nd2 Rd8 14. Nf3 Bg4
15. Bxg6 hxg6 16. Rfe1 c5 17. h3 Bxf3 18. Qxf3 Qe5 19. Rab1 Rab8 20. b3 Re8 21.
Kf1 Qc3 22. Rbc1 Qd3+ 23. Kg1 Qf5 24. Qxf5 gxf5 25. g3 Re6 26. Red1 Bxg3 27.
Bxc5 Bf4 28. Rc3 a5 29. Rf3 g5 30. h4 f6 31. Rd5 Be5 32. hxg5 fxg5 33. Rxf5 Bf4
34. Be3 Bxe3 35. fxe3 Rxe3 36. Rxg5+ Kf7 37. Rxa5 Re2 38. Ra7 Kf6 39. Rc5 Rd8
40. Rd5 Rxd5 41. cxd5 Ke5 42. Rxc7 Rxa2 43. Rc5 Rb2 44. Rb5 Rd2 45. b4 Rxd5 46.
Rb8 Rd2 47. Kf1 Rb2 48. Ke1 Kd5 49. Kd1 Kc4 50. Kc1 Rxb4 51. Rxb4+ Kxb4 1/2-1/2

[Event "Online Olym Div2 B 2021"]
[Site "chess.com INT"]
[Date "2021.09.02"]
[Round "2.1"]
[Board "4"]
[White "Froewis, Annika"]
[Black "Thode, Gilda"]
[Result "1-0"]
[WhiteTitle "WFM"]
[WhiteElo "2077"]
[BlackElo "1986"]
[WhiteTeam "Austria"]
[BlackTeam "Switzerland"]
[WhiteFideId "1621432"]
[BlackFideId "1323628"]
[EventDate "2021.09.02"]
[EventType "team"]

1. d4 e6 2. e4 d5 3. Nc3 Nc6 4. Nf3 Nf6 5. e5 Ne4 6. Ne2 Be7 7. Ng3 O-O 8. Bd3
f5 9. exf6 Nxf6 10. O-O Nb4 11. Be2 c5 12. a3 Nc6 13. dxc5 Bxc5 14. b4 Bd6 15.
Bb2 Qc7 16. c4 dxc4 17. Bxc4 Nxb4 18. Rc1 Nc6 19. Ng5 Qe7 20. Re1 Nd8 21. Nf5
Bxh2+ 22. Kxh2 Qc7+ 23. Be5 Qa5 24. Ne7+ Kh8 25. Kg1 Qxa3 26. Qxd8 1-0

[Event "Online Olym Div2 B 2021"]
[Site "chess.com INT"]
[Date "2021.09.02"]
[Round "2.1"]
[Board "5"]
[White "Stijve, Theo"]
[Black "Morgunov, Marc"]
[Result "0-1"]
[WhiteTitle "FM"]
[BlackTitle "FM"]
[WhiteElo "2291"]
[BlackElo "2386"]
[WhiteTeam "Switzerland"]
[BlackTeam "Austria"]
[WhiteFideId "1331132"]
[BlackFideId "1640305"]
[EventDate "2021.09.02"]
[EventType "team"]

1. Nf3 Nf6 2. c4 g6 3. b3 Bg7 4. Bb2 O-O 5. g3 d6 6. d4 Na6 7. Bg2 e5 8. O-O e4
9. Ne1 Re8 10. Nc2 c6 11. Nc3 Nc7 12. h3 h5 13. d5 c5 14. Ne3 Bd7 15. Qc2 Qe7
16. a4 b6 17. Nb5 Na6 18. Bc3 Rec8 19. a5 Bxb5 20. cxb5 Nb4 21. Qd2 Nd7 22. axb6
Nxb6 23. Bxg7 Kxg7 24. f3 exf3 25. Rxf3 Rf8 26. g4 Qe5 27. Nf5+ Kg8 28. Nh6+ Kh7
29. Nxf7 Qxa1+ 30. Rf1 Qd4+ 31. Qxd4 cxd4 32. Ng5+ Kg8 0-1

[Event "Online Olym Div2 B 2021"]
[Site "chess.com INT"]
[Date "2021.09.02"]
[Round "2.1"]
[Board "6"]
[White "Katter, Katharina"]
[Black "Zhuang, Yongzhe"]
[Result "1-0"]
[WhiteElo "1939"]
[BlackElo "1645"]
[WhiteTeam "Austria"]
[BlackTeam "Switzerland"]
[WhiteFideId "1642626"]
[BlackFideId "1339893"]
[EventDate "2021.09.02"]
[EventType "team"]

1. d4 d5 2. Nf3 c5 3. dxc5 Nc6 4. e3 e6 5. c4 Bxc5 6. cxd5 exd5 7. Nc3 Nf6 8. a3
O-O 9. Be2 a6 10. O-O Be6 11. b4 Be7 12. Bb2 Qd7 13. Nd4 Rad8 14. b5 axb5 15.
Bxb5 Bg4 16. Qa4 Qd6 17. Bxc6 bxc6 18. Qxc6 Qe5 19. Qa6 Bd6 20. g3 Qh5 21. Qd3
Bh3 22. Rfc1 Qg4 23. Qe2 Qg6 24. Ncb5 Bb8 25. Nc6 Rde8 26. Nxb8 Rxb8 27. a4 Bg4
28. Qc2 Qh5 29. Bxf6 gxf6 30. Nd4 Rbc8 31. Qa2 Rcd8 32. Rc5 Kg7 33. a5 Rfe8 34.
a6 Ra8 35. Rxd5 Qh3 36. Qc2 Re5 37. Qc6 Rh5 38. Rxh5 Qxh5 39. Qxa8 1-0

[Event "Online Olym Div2 B 2021"]
[Site "chess.com INT"]
[Date "2021.09.02"]
[Round "2.2"]
[Board "1"]
[White "Lim, Zhuo Ren"]
[Black "Madaminov, Mukhiddin"]
[Result "1/2-1/2"]
[WhiteTitle "FM"]
[BlackTitle "FM"]
[WhiteElo "2311"]
[BlackElo "2260"]
[WhiteTeam "Malaysia"]
[BlackTeam "Uzbekistan"]
[WhiteFideId "5702488"]
[BlackFideId "14210703"]
[EventDate "2021.09.02"]
[EventType "team"]

1. Nf3 Nf6 2. c4 e6 3. g3 d5 4. d4 dxc4 5. Bg2 a6 6. O-O Nc6 7. e3 Bd7 8. Qe2 b5
9. b3 cxb3 10. axb3 Be7 11. Bd2 O-O 12. Rc1 Bd6 13. Ne1 Ne7 14. Nd3 c6 15. Ba5
Qb8 16. f4 Nf5 17. Nd2 Rc8 18. Ne4 Bc7 19. Ndc5 Nxe4 20. Nxd7 Qa7 21. Bxe4 Bxa5
22. Ne5 Bb6 23. Nxc6 Qc7 24. Rc2 Qd6 25. Rac1 Re8 26. Kg2 Rac8 27. Bxf5 exf5 28.
Ne7+ Qxe7 29. Rxc8 g6 30. Rxe8+ Qxe8 31. Qf3 Ba5 32. Qc6 Qxe3 33. Kh3 Qxd4 34.
Qe8+ Kg7 35. Qe5+ Qxe5 36. fxe5 Bd8 37. Rc6 a5 38. Rc8 Be7 39. Rc7 Kf8 40. Ra7
Bd8 41. Kg2 h5 42. Kf3 Ke8 43. Rb7 b4 44. Ke2 Kf8 45. Kd3 Ke8 46. Kc4 h4 47. Kd5
hxg3 48. hxg3 Kf8 49. Kd6 Bg5 50. Ra7 Bd2 51. Rxa5 Be1 52. Rb5 Kg7 53. Rb7 Kg8
54. Kd5 Kf8 55. e6 fxe6+ 56. Kxe6 Bxg3 57. Rxb4 Kg7 58. Rb7+ Kh6 59. b4 Kg5 60.
Rg7 f4 61. Kf7 f3 62. Rxg6+ Kf4 63. b5 f2 64. Rf6+ Ke3 65. Rxf2 Kxf2 1/2-1/2

[Event "Online Olym Div2 B 2021"]
[Site "chess.com INT"]
[Date "2021.09.02"]
[Round "2.2"]
[Board "2"]
[White "Rakhmatullaev, Almas"]
[Black "Poh, Yu Tian"]
[Result "0-1"]
[WhiteElo "2183"]
[BlackElo "2081"]
[WhiteTeam "Uzbekistan"]
[BlackTeam "Malaysia"]
[WhiteFideId "14205793"]
[BlackFideId "5734088"]
[EventDate "2021.09.02"]
[EventType "team"]

1. e4 c5 2. Nf3 d6 3. d4 cxd4 4. Qxd4 Nc6 5. Bb5 Bd7 6. Bxc6 Bxc6 7. c4 Nf6 8.
Nc3 g6 9. Be3 Bg7 10. Qd3 O-O 11. Nd4 Ng4 12. Rd1 Nxe3 13. Qxe3 Qb6 14. b3 e6
15. O-O Rad8 16. Rfe1 Rfe8 17. Qd2 d5 18. exd5 exd5 19. Rxe8+ Rxe8 20. Nxc6 bxc6
21. cxd5 Bxc3 22. Qxc3 cxd5 23. Qd2 d4 24. h3 Rd8 25. Qd3 Qc5 26. Rd2 Kg7 27.
Rc2 Qe5 28. g3 h5 29. h4 Rd5 30. Re2 Qc7 31. Rc2 Qd7 32. b4 Kh7 33. a3 Re5 34.
Rc1 Qd6 35. Rd1 Rd5 36. Re1 Qc7 37. Rd1 Rd6 38. Qf3 Kg7 39. Qf4 Qd8 40. Rd3 Qf6
41. Qe4 Rd7 42. b5 Qd6 43. a4 Qd5 44. Qf4 Qc4 45. Rf3 Qe6 46. Rd3 Qc4 47. Qe5+
Kh7 48. Qe4 Qxa4 49. Qe8 Rc7 50. Rf3 Qc4 51. Rf4 Qd5 52. Re4 d3 53. Re1 d2 54.
Rd1 Rc1 55. Qe2 Qb3 56. Rxc1 dxc1=Q+ 57. Kh2 Qcc2 58. Qf1 Qbb2 59. Kg1 Qcc1 0-1

[Event "Online Olym Div2 B 2021"]
[Site "chess.com INT"]
[Date "2021.09.02"]
[Round "2.2"]
[Board "3"]
[White "Azhar, Puteri Munajjah Az-Zahraa"]
[Black "Salimova, Asal"]
[Result "1/2-1/2"]
[WhiteTitle "WIM"]
[WhiteElo "2052"]
[BlackElo "1905"]
[WhiteTeam "Malaysia"]
[BlackTeam "Uzbekistan"]
[WhiteFideId "5709040"]
[BlackFideId "14204940"]
[EventDate "2021.09.02"]
[EventType "team"]

1. d4 g6 2. Nf3 Bg7 3. Bf4 d6 4. e3 Nd7 5. Bg3 e5 6. dxe5 dxe5 7. c3 Ne7 8. Bc4
h6 9. Qc2 Nf5 10. e4 Nd6 11. Na3 Qe7 12. O-O O-O 13. Rfe1 a6 14. Rad1 b5 15. Bd5
Rb8 16. c4 b4 17. c5 bxa3 18. cxd6 cxd6 19. bxa3 Nc5 20. Rb1 Bd7 21. Nd2 Bb5 22.
Qc3 Bd3 23. Rxb8 Rxb8 24. Nb3 Nxb3 25. axb3 Bb5 26. a4 Bd7 27. Qa5 Be6 28. Rc1
Bxd5 29. Qxd5 Bf8 30. Rc3 Qe8 31. Kf1 Rc8 32. Qd3 Rxc3 33. Qxc3 Qd7 34. Qc4 Qb7
35. Ke2 Kg7 36. f3 Be7 37. Be1 Qb6 38. Bf2 Qb7 39. Kd3 Bd8 40. Qd5 Qc7 41. Qc4
Qb7 42. b4 Bb6 43. Be1 Ba7 44. a5 Qd7 45. Qxa6 d5 46. Ke2 dxe4 47. fxe4 Qd4 48.
Qd3 Qg1 49. Qg3 Qd4 50. Qd3 Qg1 51. Qf3 Qd4 52. Qd3 1/2-1/2

[Event "Online Olym Div2 B 2021"]
[Site "chess.com INT"]
[Date "2021.09.02"]
[Round "2.2"]
[Board "4"]
[White "Malikova, Marjona"]
[Black "Azhar, Puteri Rifqah Fahada"]
[Result "1/2-1/2"]
[BlackTitle "WFM"]
[WhiteElo "1684"]
[BlackElo "1939"]
[WhiteTeam "Uzbekistan"]
[BlackTeam "Malaysia"]
[WhiteFideId "14212463"]
[BlackFideId "5702879"]
[EventDate "2021.09.02"]
[EventType "team"]

1. d4 f5 2. c4 Nf6 3. Nc3 g6 4. g3 Bg7 5. Bg2 O-O 6. Nf3 d6 7. O-O c6 8. Bg5 Qe8
9. Bxf6 Bxf6 10. e4 e5 11. d5 c5 12. a3 Na6 13. Nd2 f4 14. Rb1 Nc7 15. b4 b6 16.
h3 h5 17. g4 hxg4 18. hxg4 Kg7 19. Bf3 Rh8 20. Kg2 1/2-1/2